00528nam a2200193 a 4500001001300000003000900013005001700022008004100039020002300080082002000103100001900123245003100142260004300173300000900216500003500225505003400260650001600294650002400310nice12345678IN_TiNIC20260116013054.0050524s1993 lona grp 000 0 eng  a0415375 c10000a305.420973bJAM aJames, Stanlie aTheorizing Black Feminisms aLondon bRoutledge Chapman Hall c1993 a300p aincludes index and biblioraphy2 aAppendix, Bibliography, Index aWomen-Black aWomen-United States